00474nam a2200169 a 450000100060000000300090000600800410001502000150005604000280007108200180009910000210011724500430013826000410018130000110022265000340023365000370026719615CO-ViMGA141112s2004 ck r 000 u spa d a8480191465 aCO-ViMGAbspacCO-ViMGA04a796.077 P657t1 aPont Geis, Pilar10a3a Edad : bActividad física y salud aBarcelona : bEd. Paidotribo, c2003 a317 p.14aeducación FISICA - MANUALES14aeducación FISICA PARA ANCIANOS